| 000 | 00508cam a2200205ua 4500 | ||
|---|---|---|---|
| 001 | 1557 | ||
| 005 | 20260515113341.0 | ||
| 008 | 110712n ii |||gr||||Z||||||asm | ||
| 020 | _a81-7213-037-6 | ||
| 040 | _cMAIN | ||
| 082 | _a330.01 | ||
| 100 | 1 | _aBaruah, Jatindra Ch., | |
| 245 | 1 |
_aArthabigyanar tatta _cby Jatindra ch. Baruah |
|
| 250 | _a1st. | ||
| 260 |
_aGuahati: _bPurbanchal prakashan,994. |
||
| 300 |
_a291p: _bill; _c23cm. |
||
| 653 | _aEconomics | ||
| 653 | _aEconomics theory | ||
| 942 | _cBK | ||
| 999 |
_c1444 _d1444 |
||